|
|
|
|
| LEADER |
00000cam a22000004a 4500 |
| 001 |
musev2_49707 |
| 003 |
MdBmJHUP |
| 005 |
20230905045149.0 |
| 006 |
m o d |
| 007 |
cr||||||||nn|n |
| 008 |
170120t20172017azu o 00 0 eng d |
| 020 |
|
|
|a 9780816536252
|
| 020 |
|
|
|z 9780816539550
|
| 020 |
|
|
|z 9780816535446
|
| 035 |
|
|
|a (OCoLC)969446367
|
| 040 |
|
|
|a MdBmJHUP
|c MdBmJHUP
|
| 100 |
1 |
|
|a Mirande, Alfredo,
|e author.
|
| 245 |
1 |
0 |
|a Behind the Mask :
|b Gender Hybridity in a Zapotec Community
|
| 264 |
|
1 |
|a Tucson :
|b The University of Arizona Press,
|c 2017.
|
| 264 |
|
3 |
|a Baltimore, Md. :
|b Project MUSE,
|c 2017
|
| 264 |
|
4 |
|c ©2017.
|
| 300 |
|
|
|a 1 online resource (283 pages):
|b illustrations
|
| 336 |
|
|
|a text
|b txt
|2 rdacontent
|
| 337 |
|
|
|a computer
|b c
|2 rdamedia
|
| 338 |
|
|
|a online resource
|b cr
|2 rdacarrier
|
| 505 |
0 |
|
|a Las intrepidas and the great Muxe Vela -- Sex, sexuality, and power -- Doing gender in Juchitán -- A blessing from God?: Muxe narratives -- Community acceptance -- Two-spirit Muxe Zapotec identity -- Behind the mask: unraveling sex and gender -- Conclusion: lessons from the field.
|
| 520 |
|
|
|a "This book challenges Mexican narratives of the partriarchal gender binary by looking at the Muxes, a gender fluid indigenous group readily accepted by their community"--Provided by publisher.
|
| 588 |
|
|
|a Description based on print version record.
|
| 650 |
|
7 |
|a Zapotec Indians.
|2 fast
|0 (OCoLC)fst01184061
|
| 650 |
|
7 |
|a Two-spirit people.
|2 fast
|0 (OCoLC)fst01431650
|
| 650 |
|
7 |
|a Sex role.
|2 fast
|0 (OCoLC)fst01114598
|
| 650 |
|
7 |
|a Gender identity.
|2 fast
|0 (OCoLC)fst00939593
|
| 650 |
|
7 |
|a SOCIAL SCIENCE
|x General.
|2 bisacsh
|
| 650 |
|
7 |
|a sex role.
|2 aat
|
| 650 |
|
6 |
|a Zapoteques
|z Mexique
|z Juchitán de Zaragoza.
|
| 650 |
|
6 |
|a Personne bispirituelles
|z Mexique
|z Juchitán de Zaragoza.
|
| 650 |
|
6 |
|a Identite sexuelle.
|
| 650 |
|
6 |
|a Rôle selon le sexe.
|
| 650 |
|
0 |
|a Zapotec Indians
|z Mexico
|z Juchitán de Zaragoza.
|
| 650 |
|
0 |
|a Two-spirit people
|z Mexico
|z Juchitán de Zaragoza.
|
| 650 |
|
0 |
|a Gender identity.
|
| 650 |
|
0 |
|a Sex role.
|
| 651 |
|
7 |
|a Mexico
|z Juchitán de Zaragoza.
|2 fast
|0 (OCoLC)fst01228206
|
| 655 |
|
7 |
|a Electronic books.
|2 local
|
| 710 |
2 |
|
|a Project Muse.
|e distributor
|
| 830 |
|
0 |
|a Book collections on Project MUSE.
|
| 856 |
4 |
0 |
|z Texto completo
|u https://projectmuse.uam.elogim.com/book/49707/
|
| 945 |
|
|
|a Project MUSE - Custom Collection
|
| 945 |
|
|
|a Project MUSE - 2017 Complete
|
| 945 |
|
|
|a Project MUSE - 2017 Global Cultural Studies
|
| 945 |
|
|
|a Project MUSE - 2017 Native American and Indigenous Studies
|